000 00908cam a2200277 4500
001 13219
003 BD-RjUL
005 20211208235424.0
008 140130s1974 enkab b 001 0 eng
020 _a0719005647
035 _a(BD-RjUL)13270
040 _aDLC
_cDLC
_dDLC
_dBD-RjUL
_beng
041 _aeng
082 0 0 _a363.73
_bGEO 1974
245 0 4 _aThe Geography of pollution :
_ba study of Greater Manchester /
_cC.M. Wood ... [et. al.].
260 _aManchester :
_bManchester University Press,
_cc1974.
300 _ax, 150 p. :
_billus., maps. ;
_c22 cm.
350 _a£2.00
504 _aIncludes bibliographical references and index.
650 0 _aPollution
_zEngland
_zManchester Metropolitan Area.
_941153
700 1 _aWood, Christopher,
_d1944-
_9224275
942 _2ddc
_cBK
999 _c13219
_d13219